00839 a2200169 4500003000500000005001700005040000900022082001200031100002300043245004000066260003800106300001800144505034600162942002100508999001900529952012100548NUST20230126124432.0 cNust a909,WEL aWells, H.G.945844 aThe Outline of History /cH.G.Wells alondonbCassell and Companyc1937 axviii,1223 p; aThe World before Man (Page-13), The Making of Man (Page-62), The First Civilizations (Page-157), Judea Greece and India (Page-252), Rise and Collapse of the Roman Empire (Page-411), Christianity and Islam (Page-520), The Mongol Empires of the Land Ways and the New Empires of the Sea Ways (Page-693), The Age of the Great Powers (Page-796).  2ddccBKk909,WEL c193997d193997 00102ddc4070aMCSbMCScGENd2016-12-12o909,WELpMCS29416r2016-12-08w2016-12-12yBKzAlmirah No.58, Shelf No.4